000 00773nam a2200241Ia 4500
003 OSt
005 20220923211253.0
006 a|||||r|||| 00| 0
007 ta
008 Pun
020 _a9788178836522 (hbk)
_c200
024 _a246,308
037 _b7830/XI, 31/01/2011, Arsee Publishers
_cTextual
040 _aARTS
_cARTS
_bPun
041 _2Pun
_aPun
082 _aQ8441:g, 153Q0
100 _aਬੇਅੰਤ ਕੌਰ
245 0 _aਸਿੱਖ ਧਰਮ - Fਾਸਤਰ ਦਾ ਤੱਤ ਸਾਰ
260 _aਲੁਧਿਆਣਾ
_b ਚੇਤਨਾ ਪ੍ਰਕਾFਨ
_c2010
300 _a142ਪੰ
_ccm.
942 _hQ8441:g, 153Q0
_cTEXL
_2CC
999 _c298014
_d298014